01902nam a22003857a 4500003000400000005001700004008004100021040002200062082001400084100004100098245004800139260005300187300001900240366000800259366000800267490002300275505021300298505011500511505023400626505002200860505002000882505003000902650004600932650005000978650004401028650004801072650004301120650004401163650005301207650004701260650004501307942002501352999001501377952012401392OSt20230421085030.0221006b |||||||| |||| 00| 0 eng d cBiblioteca Lado V a700bZ39a 9802aZaya, Antonioeeditoredirector aAtalantica/bRevista de Arte y Pensamiento/ bCentro Atlantico de Arte Modernoc1993aEspaña c24x30cma140p. efre eeng v1993x1132-8428a5 tTerritoriosaApartheid global? Enigmas de la encrucijada Razones y sin razones de por que hago lo que hago Una entrevista con Fariba Hajamadi 12 poemas de Manolo Padorno Proyecto de Abdell para Atlantica tNexusaUna mirada sobre MILLARES El realismo materico de MILLARES Portafolio fotográfico de Rosangela Reno tRevistaaSobre Dal'Art 92 Entrevista con Andre Magnin Los viejos tiempos: este es mi melodrama Antonio del Castillo Jorge Ortega Entrevista con Jorge Ortega Rafael Hierro o De este paraiso II Proyecto de Gabriel Ortuño  tNotas Biograficas tEdicion Inglesa tProyecto de Jacinto Minot 2Tesauro de Arte & ArquitecturaaARTE9703 2Tesauro de Arte & ArquitecturaaEXPOSICIONES  2Tesauro de Arte & ArquitecturaaCULTURA 2Tesauro de Arte & ArquitecturaaAPRECIACION 2Tesauro de Arte & ArquitecturaaTEORIA 2Tesauro de Arte & ArquitecturaaCRITICA 2Tesauro de Arte & ArquitecturaaFOTOGRAFIA 9702 2Tesauro de Arte & ArquitecturaaLITERATURA 2Tesauro de Arte & ArquitecturaaESPAÑA 2ddcc1h700iZ39an0 c3413d3413 00102ddc3199340708RevistasaLVbLVd2023-04-21h5i003560l0o700 Z39ap003560r2023-04-21 00:00:00w2023-04-21y1